Measureup know what you know
Salvato in:
| Natura: | Libro |
|---|---|
| Lingua: | English |
| Pubblicazione: |
[Indianapolis, IN]
Que Certification
2006
|
| Serie: | Exam cram
|
| Soggetti: | |
| Tags: |
Aggiungi Tag
Nessun Tag, puoi essere il primo ad aggiungerne! !
|
| LEADER | 00891pam a2200217 4500 | ||
|---|---|---|---|
| 001 | 0000058637 | ||
| 008 | 100607s2006 inu eng | ||
| 020 | |a 0789735040 | ||
| 090 | 0 | 0 | |a CDR |b 04345 |
| 245 | 1 | 0 | |a Measureup know what you know |h electronic resource |
| 260 | |a [Indianapolis, IN] |b Que Certification |c 2006 | ||
| 300 | |a 1 electronic computer optical disc (CD-ROM) |c 4 3/4 in. | ||
| 490 | 0 | |a Exam cram | |
| 500 | |a Accompanies text entitled "RFID +" :TK6553.Z44 2006 os | ||
| 650 | 0 | |a Radio frequency identification systems |9 1673 | |
| 650 | 0 | |a Radio frequency |x Identification |9 3556 | |
| 650 | 0 | |a Radio frequency identification systems |x Examinations |v Study guides |9 85448 | |
| 998 | 0 | 0 | |a rh/070610 |
| 999 | |c 58454 |d 58454 | ||
| 997 | |a FKEK | ||
| 952 | |0 0 |1 0 |2 lcc |4 0 |7 0 |9 83383 |a MEDIA |b MEDIA |c Media Collection |d 2019-02-26 |g 0.00 |l 0 |o CDR 04345 |p 0000069965 |r 2011-01-06 |s 2011-01-06 |w 2019-02-26 |y CDR - MED | ||